|
|
|
|
| LEADER |
00000nam0a2200000 4500 |
| 001 |
111050 |
| 005 |
20231031120645.0 |
| 035 |
|
|
|a (RuTPU)RU\TPU\book\119921
|
| 090 |
|
|
|a 111050
|
| 100 |
|
|
|a 20070306d1973 km y0rusy50 ca
|
| 101 |
0 |
|
|a rus
|
| 102 |
|
|
|a RU
|
| 105 |
|
|
|a a z 001zy
|
| 200 |
1 |
|
|a Применение гравиразведки для поисков месторождений нефти и газа
|f В. М. Березкин
|
| 210 |
|
|
|a Москва
|c Недра
|d 1973
|
| 215 |
|
|
|a 264 с.
|c ил.
|
| 320 |
|
|
|a Библиогр.: с. 257-262.
|
| 610 |
1 |
|
|a нефтяные месторождения
|
| 610 |
1 |
|
|a газовые месторождения
|
| 610 |
1 |
|
|a поиски
|
| 610 |
1 |
|
|a разведка
|
| 610 |
1 |
|
|a гравитационный метод
|
| 610 |
1 |
|
|a гравиметрическая съемка
|
| 610 |
1 |
|
|a обработка данных
|
| 610 |
1 |
|
|a интерпретация результатов
|
| 675 |
|
|
|a 553.98.08
|v 3
|
| 700 |
|
1 |
|a Березкин
|b В. М.
|g Валентин Макарович
|
| 801 |
|
1 |
|a RU
|b 63413507
|c 20070306
|g PSBO
|
| 801 |
|
2 |
|a RU
|b 63413507
|c 20191225
|g PSBO
|
| 942 |
|
|
|c BK
|